Szczegóły MARC21

Chagall : étude biographique et critique /

003 -Nazwa inst., której nr kontr. jest w polu 001 [,]
    • @
    • Nazwa instytucji, której n kontrolny jest w polu 001
    • NUKAT
005 -DATA I CZAS OSTATNIEJ MODYFIKACJI [,]
    • @
    • pole kontrolne
    • 20241231102902.0
040 -Instytucja sporządzająca opis [ , ]
    • a
    • Instytucja, która sporządziła opis (NP)
    • LUBL KUL/GG
    • c
    • Instytucja, która sporządziła rekord (NP)
    • LUBL KUL/GG
    • d
    • Instytucja, która zmodyfikowała rekord (P)
    • LUBL KUL/JP
    • d
    • Instytucja, która zmodyfikowała rekord (P)
    • GD U/KMs
    • d
    • Instytucja, która zmodyfikowała rekord (P)
    • KR 295/AJ
    • d
    • Instytucja, która zmodyfikowała rekord (P)
    • KR 306/LS
942 -Rodzaj dokumentu [ , ]
    • c
    • Rodzaj dokumentu
    • Książka
100 -Hasło główne - nazwa osobowa [1, ]
    • a
    • Nazwa osobowa (NP)
    • Venturi, Lionello
    • d
    • Daty biograficzne (NP)
    • (1885-1961).
    • 9
    • KHW
    • 256207
240 -Tytuł ujednolicony [1,0]
    • a
    • Tytuł ujednolicony
    • Chagall
    • l
    • Język tekstu
    • (fr.)
    • 9
    • KHW
    • 564921
245 -Strefa tytułu i oznaczenia odpowiedzialności [1,0]
    • a
    • Tytuł
    • Chagall : Find
    • b
    • Ciąg dalszy tytułu (NP)
    • étude biographique et critique / Find
    • c
    • Pozostałe elementy strefy tytułu i oznaczenia odpowiedzialności (NP)
    • par Lionello Venturi.
260 -Strefa adresu wydawniczego [ , ]
    • a
    • Miejsce wydania (P)
    • Genève :
    • b
    • Nazwa wydawcy (P)
    • Skira,
    • c
    • Data wydania (P)
    • 1956.
300 -Strefa opisu fizycznego [ , ]
    • a
    • Określenie formy książki i/lub objętość (NP)
    • 121, [3] s. :
    • b
    • Oznaczenie ilustracji (NP)
    • il. ;
    • c
    • Format (NP)
    • 18x17 cm.
336 -Typ zawartości [ , ]
    • a
    • Termin opisujący typ zawartości
    • Tekst
    • b
    • Kod określający zawartość
    • txt
    • 2
    • Źródło (terminu i kodu)
    • rdacontent
337 -Typ mediów [ , ]
    • a
    • Tryb odtwarzania
    • Bez urządzenia pośredniczącego
    • b
    • Kod typu mediów
    • n
    • 2
    • Źródło (terminu i kodu)
    • rdamedia
338 -Typ/rodzaj nośnika [ , ]
    • a
    • Hasło opisujące typ nośnika
    • Wolumin
    • b
    • Kod typu nośnika
    • nc
    • 2
    • Źródło (terminu i kodu)
    • rdacarrier
490 -Strefa serii i książki wielotomowej - forma nie do wyszukiwania [1, ]
    • a
    • Tytuł (P)
    • Le Goût de Notre Temps ; Find
    • v
    • Numeracja (P)
    • 18
830 -Hasło dodatkowe serii i opisu książki wielotomowej - tytuł ujednolicony/tytuł [ ,3]
    • a
    • Tytuł ujednolicony/tytuł (NP)
    • Le Goût de Notre Temps
    • x
    • ISSN
    • 1423-9736
    • v
    • Oznaczenie tomu (NP)
    • 18
    • 9
    • KHW
    • 97503
504 -Uwaga dot. bibliogr. załącznikowej [ , ]
    • a
    • Uwaga dot. bibliografii załącznikowej
    • Bibliogr. s. 108-112. Indeks.
080 -Uniwersalna Klasyfikacja Dziesiętna [ , ]
    • a
    • Symbol klasyfikacji
    • 75.071(44)"19"Chagall M.=40
600 -Hasło przedmiotowe w formie nazwy osobowej [1,7]
    • a
    • Nazwa osobowa
    • Chagall, Marc
    • d
    • Daty związane z nazwą
    • (1887-1985).
    • 2
    • Źródło terminu
    • kaba
    • 9
    • KHW
    • 231900
980 -Symbol UKD [ , ]
    • a
    • UKD
    • 75.071(44)"19"Chagall M.=40
710 -Hasło dodatkowe - nazwa ciała zbiorowego [2, ]
    • a
    • Nazwa ciała zbiorowego lub nazwa geograficzna jako pierwszy element (NP)
    • Skira Editore.
    • 4
    • Kod relacji
    • pbl
    • 9
    • KHW
    • 97502
Sygnatura Lokalizacja Data inwentaryzacji Status udost. Numer inwentarzowy
Z.33651BG2002-11-211Z.33651
 BG2002-12-101JK.397